[Event "1MCRV_F"]
[Site "?"]
[Date "2002.??.??"]
[Round "?"]
[White "Pytlik, Lesek"]
[Black "Sluka, Vaclav"]
[Result "1-0"]
[WhiteElo "2260"]
[BlackElo "2245"]
[PlyCount "97"]
[EventDate "2002.??.??"]
[EventType "corr"]
[EventRounds "2"]
[SourceDate "2004.??.??"]

1. d3 e5 2. Nf3 Nc6 3. g3 d5 4. Bg2 Nf6 5. O-O Be6 6. a3 Bd6 7. Nbd2 h6 8. c4
e4 9. Ne1 exd3 10. cxd5 Bxd5 11. Bxd5 Nxd5 12. Nxd3 Nf6 13. b4 O-O 14. Bb2 Re8
15. Nc4 a6 16. Rc1 Nd7 17. Nxd6 cxd6 18. Nf4 Nb6 19. Nh5 f6 20. Qb3+ Kh8 21.
Nf4 Qd7 22. Rfd1 Rac8 23. Rc5 Rc7 24. b5 Ne5 25. Rxc7 Qxc7 26. Rc1 Qb8 27. a4
a5 28. Bd4 Nbd7 29. Bxe5 Nxe5 30. Qc3 Nd7 31. Qxa5 Nc5 32. Rc4 b6 33. Qd2 Qc7
34. e3 Ra8 35. Qd5 Ra7 36. Rd4 Qb8 37. Qc6 Rc7 38. Qxd6 Nxa4 39. Rc4 Nc5 40.
Nd5 Rb7 41. Qxb8+ Rxb8 42. Nxb6 Rxb6 43. Rxc5 Kg8 44. Kg2 Kf7 45. f4 Ke7 46.
Kf3 Kd6 47. Rc6+ Rxc6 48. bxc6 Kxc6 49. Kg4 1-0

[Event "1MCRV_F"]
[Site "?"]
[Date "2002.??.??"]
[Round "?"]
[White "Kuchta, Jiri"]
[Black "Sykora, Josef"]
[Result "1/2-1/2"]
[WhiteElo "2255"]
[BlackElo "2370"]
[PlyCount "82"]
[EventDate "2002.??.??"]
[EventType "corr"]
[EventRounds "2"]
[SourceDate "2004.??.??"]

1. e4 c6 2. d4 d5 3. exd5 cxd5 4. Bd3 Nc6 5. c3 Nf6 6. Bf4 Bg4 7. Qb3 Qc8 8.
Ne2 Bh5 9. Be5 e6 10. Nf4 Bg6 11. Nxg6 hxg6 12. Nd2 Nxe5 13. dxe5 Nd7 14. Bb5
Qc7 15. Bxd7+ Qxd7 16. O-O Be7 17. c4 O-O-O 18. Nf3 dxc4 19. Qxc4+ Kb8 20. Rac1
g5 21. h3 Rc8 22. Qb3 Rxc1 23. Rxc1 Rd8 24. Qc4 Rc8 25. Qf1 f5 26. Rc4 Qd5 27.
b3 Rxc4 28. Qxc4 Qxc4 29. bxc4 Kc7 30. Kf1 Kd7 31. Ke2 Bd8 32. g3 g6 33. Ne1
Kc6 34. Nc2 Bb6 35. f4 gxf4 36. gxf4 Bc5 37. Ne1 Ba3 38. Nf3 Be7 39. Nd4+ Kd7
40. a4 b6 41. Nf3 a6 1/2-1/2

[Event "1MCRV_F"]
[Site "?"]
[Date "2002.??.??"]
[Round "?"]
[White "Skalicky, Frantisek"]
[Black "Mudra, Oldrich"]
[Result "1-0"]
[WhiteElo "2245"]
[BlackElo "2200"]
[PlyCount "61"]
[EventDate "2002.??.??"]
[EventType "corr"]
[EventRounds "2"]
[SourceDate "2004.??.??"]

1. e4 d6 2. d4 Nf6 3. Nc3 g6 4. f4 Bg7 5. Nf3 O-O 6. Bd3 Nc6 7. O-O Bg4 8. e5
dxe5 9. dxe5 Nd5 10. h3 Nxc3 11. bxc3 Bd7 12. Ba3 a6 13. Qe2 Na7 14. c4 Re8 15.
Qf2 Qc8 16. Rab1 Nc6 17. Be4 f5 18. exf6 exf6 19. Bd5+ Kh8 20. Nh4 g5 21. fxg5
fxg5 22. Nf3 h6 23. Bb2 Bxb2 24. Rxb2 Rf8 25. Qg3 Rb8 26. c3 Qd8 27. Rbf2 Rf4
28. h4 Rg4 29. Qh2 gxh4 30. Ne5 Nxe5 31. Qxe5+ 1-0

[Event "1MCRV_F"]
[Site "?"]
[Date "2002.??.??"]
[Round "?"]
[White "Koukal, Vladimir"]
[Black "Nevole, Milan"]
[Result "1-0"]
[WhiteElo "2240"]
[BlackElo "2210"]
[PlyCount "67"]
[EventDate "2002.??.??"]
[EventType "corr"]
[EventRounds "2"]
[SourceDate "2004.??.??"]

1. e4 c5 2. Nf3 e6 3. d4 cxd4 4. Nxd4 Nc6 5. Nc3 Qc7 6. Ndb5 Qb8 7. a3 Nf6 8.
Bg5 a6 9. Bxf6 gxf6 10. Nd4 b5 11. Be2 Bb7 12. Nb3 Rg8 13. O-O f5 14. exf5 Nd4
15. g3 Nxf5 16. Qd3 d5 17. Rfe1 Be7 18. Na5 Ra7 19. Nxb7 Qxb7 20. Qd1 Nh4 21.
Bd3 f5 22. Qh5+ Kd7 23. Re5 d4 24. Nd5 Rg7 25. Rae1 Qc6 26. Kf1 Ng6 27. Rxe6
Qxd5 28. Bxf5 Qc4+ 29. Bd3 Qxe6 30. Rxe6 Kxe6 31. Qg4+ Kf7 32. Qxd4 Rc7 33.
Bxg6+ Kxg6 34. Qe4+ 1-0

[Event "1MCRV_F"]
[Site "?"]
[Date "2002.??.??"]
[Round "?"]
[White "Mudra, Oldrich"]
[Black "Koukal, Vladimir"]
[Result "0-1"]
[WhiteElo "2200"]
[BlackElo "2240"]
[PlyCount "88"]
[EventDate "2002.??.??"]
[EventType "corr"]
[EventRounds "2"]
[SourceDate "2004.??.??"]

1. e4 e5 2. Nf3 Nf6 3. Nxe5 d6 4. Nf3 Nxe4 5. d4 d5 6. Bd3 Be7 7. O-O O-O 8.
Re1 Bf5 9. Nc3 Nxc3 10. bxc3 Bxd3 11. Qxd3 Nd7 12. Bf4 Re8 13. Rab1 Nb6 14. Re2
Qd7 15. Rbe1 f6 16. Nd2 c5 17. Qg3 Bf8 18. Nb3 Rxe2 19. Rxe2 cxd4 20. cxd4 Rc8
21. Qd3 Na4 22. Nc1 Rc3 23. Qd2 Qf5 24. h3 Rc8 25. g4 Qd7 26. Re3 Qc6 27. Qa5
a6 28. Rb3 Nc3 29. Bd2 Nb5 30. c3 Qe6 31. Rxb5 axb5 32. Qxb5 f5 33. f3 fxg4 34.
fxg4 Ba3 35. Qe2 Qc6 36. Nd3 Re8 37. Qf3 Qb5 38. Qf1 Bd6 39. g5 Qa4 40. Nb4
Bxb4 41. cxb4 Qxa2 42. Qd3 Qa1+ 43. Kg2 Qd1 44. Kf2 Re1 0-1

[Event "1MCRV_F"]
[Site "?"]
[Date "2002.??.??"]
[Round "?"]
[White "Sykora, Josef"]
[Black "Skalicky, Frantisek"]
[Result "1-0"]
[WhiteElo "2370"]
[BlackElo "2245"]
[PlyCount "97"]
[EventDate "2002.??.??"]
[EventType "corr"]
[EventRounds "2"]
[SourceDate "2004.??.??"]

1. Nf3 Nf6 2. g3 b5 3. Bg2 Bb7 4. O-O e6 5. d4 d5 6. c3 c5 7. a4 b4 8. a5 Nc6
9. Be3 Ng4 10. Bg5 f6 11. Bd2 bxc3 12. Bxc3 Qd7 13. dxc5 Bxc5 14. b4 Bd6 15. e4
Nxb4 16. Nd4 h5 17. Bxb4 Bxb4 18. a6 Bc8 19. exd5 e5 20. Ne6 Rb8 21. h3 Nh6 22.
Qxh5+ Qf7 23. Qxf7+ Kxf7 24. Rc1 Bd6 25. Rc6 Ke7 26. Nxg7 Bd7 27. Rc1 Rhg8 28.
Ne6 Nf5 29. Nc3 Rgc8 30. Ne4 Bxe6 31. Nxd6 Kxd6 32. dxe6 Rxc1+ 33. Rxc1 Nd4 34.
Kh2 f5 35. e7 Re8 36. h4 Rxe7 37. Rb1 Ne6 38. Bh3 Ng7 39. f3 Rc7 40. g4 Rc2+
41. Kg1 Ra2 42. gxf5 Ke7 43. Rb7+ Kf6 44. Rxa7 Nxf5 45. Bxf5 Kxf5 46. Ra8 Kg6
47. a7 Kg7 48. Kf1 Kh7 49. Ke1 1-0

[Event "1MCRV_F"]
[Site "?"]
[Date "2002.??.??"]
[Round "?"]
[White "Sluka, Vaclav"]
[Black "Kuchta, Jiri"]
[Result "0-1"]
[WhiteElo "2245"]
[BlackElo "2255"]
[PlyCount "128"]
[EventDate "2002.??.??"]
[EventType "corr"]
[EventRounds "2"]
[SourceDate "2004.??.??"]

1. d4 d5 2. c4 c6 3. cxd5 cxd5 4. Nf3 Nf6 5. Nc3 Nc6 6. Bf4 Qb6 7. Na4 Qb4+ 8.
Bd2 Qd6 9. Rc1 Ne4 10. e3 Bg4 11. Be2 e6 12. h3 Bxf3 13. Bxf3 Nxd2 14. Qxd2 Be7
15. Rc3 O-O 16. O-O Rfc8 17. Rfc1 Rc7 18. a3 Rac8 19. b4 h6 20. R1c2 Nb8 21.
Be2 Rxc3 22. Nxc3 Qd8 23. Qc1 Bf8 24. Bd3 a5 25. b5 Nd7 26. a4 Nb6 27. Ne2 Rxc2
28. Bxc2 Qc8 29. Bb3 Qxc1+ 30. Nxc1 Nc4 31. Bc2 f5 32. Kf1 Kf7 33. Ke2 Bd6 34.
Bb3 Nb6 35. f4 g6 36. g3 Ke7 37. Nd3 Nd7 38. Bc2 Nf6 39. Nf2 Ba3 40. Kf3 g5 41.
g4 gxf4 42. gxf5 fxe3 43. Nd1 Ne4 44. Nxe3 Ng5+ 45. Kg4 Bc1 46. Ng2 Kf6 47.
fxe6 Nxe6 48. Bb3 Nxd4 49. Bxd5 Ne6 50. Bb3 Nc5 51. Bd1 Ke5 52. Kf3 Kd4 53. Ke2
Kc3 54. Ne1 Bg5 55. Bc2 Be7 56. Bd1 Bd6 57. Ke3 Bg3 58. Nf3 Nd3 59. Ke2 Nb2 60.
Nd2 Kb4 61. Ne4 Be5 62. b6 Nxa4 63. Nf2 Bd4 64. Nd3+ Ka3 0-1

[Event "1MCRV_F"]
[Site "?"]
[Date "2002.??.??"]
[Round "?"]
[White "Kuta, Jiri"]
[Black "Pytlik, Lesek"]
[Result "1/2-1/2"]
[WhiteElo "2320"]
[BlackElo "2260"]
[PlyCount "77"]
[EventDate "2002.??.??"]
[EventType "corr"]
[EventRounds "2"]
[SourceDate "2004.??.??"]

1. d4 Nf6 2. c4 c5 3. d5 g6 4. Nc3 Bg7 5. e4 d6 6. Bd3 O-O 7. h3 Na6 8. Nf3 e5
9. O-O h6 10. Ne2 Nh5 11. a3 f5 12. Ng3 Nf4 13. Bb1 Nxh3+ 14. gxh3 f4 15. Kh2
Qd7 16. Ng1 fxg3+ 17. fxg3 Rxf1 18. Qxf1 Qe7 19. Bd3 b6 20. b3 Bd7 21. Ra2 Nc7
22. Rf2 Rf8 23. Nf3 a6 24. g4 g5 25. Ne1 Rxf2+ 26. Qxf2 Bc8 27. Nc2 a5 28. Ne3
Ne8 29. Bd2 Kh7 30. Nf5 Qd8 31. h4 gxh4 32. Kh3 Bd7 33. Be3 Qf6 34. Bc2 Bh8 35.
Bd1 Bg7 36. a4 Qd8 37. Be2 Qf6 38. Bf3 Qd8 39. Nxh4 1/2-1/2

[Event "1MCRV_F"]
[Site "?"]
[Date "2002.??.??"]
[Round "?"]
[White "Hybl, Vladislav"]
[Black "Nosek, Jaroslav"]
[Result "1/2-1/2"]
[WhiteElo "2305"]
[BlackElo "2275"]
[PlyCount "67"]
[EventDate "2002.??.??"]
[EventType "corr"]
[EventRounds "2"]
[SourceDate "2004.??.??"]

1. e4 e6 2. d4 d5 3. Nd2 c5 4. exd5 Qxd5 5. Ngf3 cxd4 6. Bc4 Qd6 7. O-O Nf6 8.
Nb3 Nc6 9. Nbxd4 Nxd4 10. Nxd4 a6 11. Bb3 Qc7 12. c3 Bd6 13. h3 O-O 14. Re1 e5
15. Nc2 h6 16. Ne3 Rd8 17. Nc4 Be6 18. Qe2 Rac8 19. Nxd6 Qxd6 20. Bc2 b5 21.
Qxe5 Qxe5 22. Rxe5 b4 23. Re2 bxc3 24. bxc3 Nd5 25. Bb3 Rxc3 26. Bb2 Rc5 27.
Rd1 Rdc8 28. Re5 Nf4 29. Rxc5 Rxc5 30. Bxe6 Nxe6 31. Rd2 Ra5 32. Bc3 Rc5 33.
Bb4 Rc4 34. Bd6 1/2-1/2

[Event "1MCRV_F"]
[Site "?"]
[Date "2002.??.??"]
[Round "?"]
[White "Kostal, Jindrich"]
[Black "Vondracek, Emil"]
[Result "1-0"]
[WhiteElo "2305"]
[BlackElo "2280"]
[PlyCount "127"]
[EventDate "2002.??.??"]
[EventType "corr"]
[EventRounds "2"]
[SourceDate "2004.??.??"]

1. e4 e5 2. Nf3 Nc6 3. Bb5 a6 4. Ba4 Nf6 5. O-O b5 6. Bb3 Bb7 7. Re1 Bc5 8. c3
d6 9. d4 Bb6 10. Bg5 h6 11. Bh4 g5 12. Bg3 O-O 13. h4 g4 14. Nh2 h5 15. Qd2 Kh7
16. Bc2 Nd7 17. Nf1 Qf6 18. Ne3 Ne7 19. a4 Kg7 20. Rd1 Rfd8 21. axb5 axb5 22.
Rxa8 Bxa8 23. Na3 c6 24. d5 Nf8 25. c4 bxc4 26. Naxc4 Bxe3 27. fxe3 cxd5 28.
exd5 Bxd5 29. Qa5 Ra8 30. Nxd6 Rxa5 31. Ne8+ Kh6 32. Nxf6 Bc6 33. Rd6 Nfg6 34.
e4 Rc5 35. Bd1 Nc8 36. Rd8 Rc1 37. Kh2 Nce7 38. Bf2 Nf4 39. Be3 Rb1 40. Rd6
Rxb2 41. Bxf4+ exf4 42. Nxg4+ Kg7 43. Nf6 Bb7 44. Nxh5+ Kh7 45. Bf3 Ng6 46.
Nf6+ Kg7 47. h5 Nh4 48. Kh3 Nxf3 49. gxf3 Bc8+ 50. Kh4 Be6 51. Kg5 Rg2+ 52. Ng4
f6+ 53. Kxf4 Bxg4 54. fxg4 Rf2+ 55. Ke3 Rf1 56. Rd7+ Kh6 57. Rf7 Kg5 58. Rg7+
Kh6 59. Rg6+ Kh7 60. Kd4 Rd1+ 61. Kc5 Rf1 62. Kd6 Rf4 63. g5 fxg5 64. e5 1-0

[Event "1MCRV_F"]
[Site "?"]
[Date "2002.??.??"]
[Round "?"]
[White "Nosek, Jaroslav"]
[Black "Kostal, Jindrich"]
[Result "1/2-1/2"]
[WhiteElo "2275"]
[BlackElo "2305"]
[PlyCount "98"]
[EventDate "2002.??.??"]
[EventType "corr"]
[EventRounds "2"]
[SourceDate "2004.??.??"]

1. d4 Nf6 2. Bg5 Ne4 3. Bh4 c5 4. f3 Qa5+ 5. c3 Nf6 6. dxc5 Qxc5 7. e4 e6 8.
Bf2 Qc7 9. Nd2 d5 10. exd5 Nxd5 11. Ne2 Be7 12. Nd4 O-O 13. Bg3 Bd6 14. Bxd6
Qxd6 15. Bc4 Nc6 16. Bxd5 Qxd5 17. Ne4 Nxd4 18. Qxd4 Qxd4 19. cxd4 b6 20. Ke2
Bb7 21. Rhd1 Rfd8 22. Rac1 Rd7 23. Ke3 Rad8 24. Nc3 Kf8 25. b4 Ke7 26. b5 g5
27. g3 h6 28. a3 h5 29. h4 gxh4 30. gxh4 Bd5 31. Nxd5+ Rxd5 32. Rc7+ Kf6 33.
Rxa7 e5 34. a4 Rxd4 35. Rc1 Ke6 36. Rc6+ R8d6 37. Rxd6+ Kxd6 38. Rxf7 Rxh4 39.
Rf6+ Kd5 40. Rxb6 Rxa4 41. Rh6 h4 42. b6 Rb4 43. Kd3 Rf4 44. b7 Rb4 45. Rxh4
Rb3+ 46. Ke2 Rxb7 47. Ra4 Rb2+ 48. Ke3 Rb3+ 49. Ke2 Rb2+ 1/2-1/2

[Event "1MCRV_F"]
[Site "?"]
[Date "2002.??.??"]
[Round "?"]
[White "Pytlik, Lesek"]
[Black "Hybl, Vladislav"]
[Result "1-0"]
[WhiteElo "2260"]
[BlackElo "2305"]
[PlyCount "105"]
[EventDate "2002.??.??"]
[EventType "corr"]
[EventRounds "2"]
[SourceDate "2004.??.??"]

1. d3 d5 2. Nf3 Nf6 3. g3 c5 4. Bg2 Nc6 5. O-O e5 6. e4 d4 7. h3 Bd6 8. Na3 O-O
9. Ne1 Be6 10. f4 exf4 11. gxf4 Bc7 12. Nf3 h6 13. c3 dxc3 14. bxc3 Qe7 15. Qc2
a6 16. Rb1 Rab8 17. d4 cxd4 18. cxd4 Bd6 19. e5 Bxa3 20. exf6 gxf6 21. f5 Bxc1
22. fxe6 Be3+ 23. Kh1 Qxe6 24. Rfe1 Ne7 25. Nh4 f5 26. d5 Qf6 27. Rxe3 Qxh4 28.
d6 Ng6 29. Qxf5 Rbd8 30. d7 b5 31. Be4 Qg5 32. Rg1 Qxf5 33. Bxf5 Kg7 34. Ra3
Ra8 35. Rc3 Kf6 36. Rf1 Kg7 37. Rc8 Ne7 38. Rxa8 Rxa8 39. Rc1 a5 40. Rc8 Rxc8
41. dxc8=Q Nxc8 42. Bxc8 b4 43. Bd7 Kf6 44. Kg2 Ke5 45. Kg3 Ke4 46. Kg4 Ke5 47.
h4 Kf6 48. Ba4 Kg6 49. Bc2+ Kf6 50. Kh5 Kg7 51. Bb3 f5 52. Bc2 Kf6 53. Kxh6 1-0

[Event "1MCRV_F"]
[Site "?"]
[Date "2002.??.??"]
[Round "?"]
[White "Kuchta, Jiri"]
[Black "Kuta, Jiri"]
[Result "0-1"]
[WhiteElo "2255"]
[BlackElo "2320"]
[PlyCount "68"]
[EventDate "2002.??.??"]
[EventType "corr"]
[EventRounds "2"]
[SourceDate "2004.??.??"]

1. e4 c5 2. Nf3 Nc6 3. Bb5 e6 4. O-O Nge7 5. b3 Ng6 6. Bb2 f6 7. c3 a6 8. Bxc6
dxc6 9. d4 Be7 10. Qc2 e5 11. Rd1 Bg4 12. dxe5 Qc8 13. Nbd2 fxe5 14. h3 Bxh3
15. gxh3 Nf4 16. Nf1 Qxh3 17. Ne1 O-O 18. Nh2 c4 19. bxc4 Rf6 20. Rd3 Qh5 21.
Nef3 Raf8 22. Rad1 Bc5 23. Kh1 Nxd3 24. Rxd3 Rh6 25. Bc1 Rxf3 26. Bxh6 Rxf2 27.
Qxf2 Bxf2 28. Rd8+ Kf7 29. Rd3 Bc5 30. Rf3+ Ke6 31. Bxg7 Qg5 32. Rf6+ Ke7 33.
Nf3 Qxg7 34. Rf7+ Qxf7 0-1

[Event "1MCRV_F"]
[Site "?"]
[Date "2002.??.??"]
[Round "?"]
[White "Skalicky, Frantisek"]
[Black "Sluka, Vaclav"]
[Result "1/2-1/2"]
[WhiteElo "2245"]
[BlackElo "2245"]
[PlyCount "108"]
[EventDate "2002.??.??"]
[EventType "corr"]
[EventRounds "2"]
[SourceDate "2004.??.??"]

1. e4 e6 2. d4 d5 3. Nd2 c5 4. exd5 exd5 5. Ngf3 Nc6 6. Bb5 Bd6 7. O-O Nge7 8.
dxc5 Bxc5 9. Nb3 Bd6 10. Re1 O-O 11. Bd3 h6 12. h3 Re8 13. c3 Bd7 14. Qc2 Rc8
15. Be3 Nb4 16. Qd2 Nxd3 17. Qxd3 a6 18. Nbd4 Qc7 19. Rad1 Ng6 20. Nf5 Ne5 21.
Nxe5 Bxe5 22. Nd4 Bd6 23. Nf3 Bc6 24. Bd4 Ba4 25. b3 Bb5 26. Qd2 Bf4 27. Qc2
Bd7 28. a4 g6 29. Rxe8+ Rxe8 30. Re1 Qb8 31. Qd1 Re4 32. c4 Bc6 33. c5 Qe8 34.
Qa1 h5 35. Rd1 Qe7 36. Qc3 Re6 37. Kf1 f5 38. Qd3 Bh6 39. Kg1 Kh7 40. Qc3 Re4
41. a5 Qf8 42. Be5 Qg8 43. Bf6 Qe6 44. Bh8 Qe7 45. Bf6 Qd7 46. Qd3 Qc7 47. Bc3
Qe7 48. b4 Ba4 49. Rb1 Qe6 50. Nd4 Qd7 51. b5 axb5 52. Nxb5 Bf8 53. Nd6 Bxd6
54. cxd6 Bc6 1/2-1/2

[Event "1MCRV_F"]
[Site "?"]
[Date "2002.??.??"]
[Round "?"]
[White "Koukal, Vladimir"]
[Black "Sykora, Josef"]
[Result "1/2-1/2"]
[WhiteElo "2240"]
[BlackElo "2370"]
[PlyCount "61"]
[EventDate "2002.??.??"]
[EventType "corr"]
[EventRounds "2"]
[SourceDate "2004.??.??"]

1. e4 c6 2. d4 d5 3. e5 Bf5 4. Bd3 Bxd3 5. Qxd3 e6 6. Nf3 Nd7 7. O-O c5 8. Qb3
Qb6 9. Na3 a6 10. c4 Qxb3 11. axb3 Rc8 12. cxd5 exd5 13. Nc2 cxd4 14. Ncxd4 f6
15. Re1 fxe5 16. Nxe5 Nxe5 17. Rxe5+ Kf7 18. Bg5 h6 19. Rf5+ Kg6 20. Bh4 Be7
21. Bxe7 Nxe7 22. Re5 Kf7 23. Rae1 Rhe8 24. Kf1 g6 25. h4 h5 26. Nf3 Kf8 27.
Ng5 Nf5 28. Nh7+ Kf7 29. Ng5+ Kf8 30. Nh7+ Kf7 31. Ng5+ 1/2-1/2

[Event "1MCRV_F"]
[Site "?"]
[Date "2002.??.??"]
[Round "?"]
[White "Nevole, Milan"]
[Black "Mudra, Oldrich"]
[Result "1/2-1/2"]
[WhiteElo "2210"]
[BlackElo "2200"]
[PlyCount "73"]
[EventDate "2002.??.??"]
[EventType "corr"]
[EventRounds "2"]
[SourceDate "2004.??.??"]

1. d4 Nf6 2. c4 e6 3. Nf3 d5 4. Nc3 Be7 5. cxd5 exd5 6. Bg5 c6 7. e3 Bf5 8. Bd3
Bxd3 9. Qxd3 Nbd7 10. O-O O-O 11. Qc2 Re8 12. h3 Bd6 13. Nh4 Qb8 14. Nf5 Bh2+
15. Kh1 Bc7 16. Rac1 a6 17. f3 g6 18. Nh6+ Kg7 19. e4 Nh5 20. Ne2 f6 21. Bd2
Bb6 22. Rce1 Qd6 23. Ng4 dxe4 24. fxe4 Bxd4 25. Rd1 c5 26. b4 b6 27. Be3 Rac8
28. Qd3 Qe7 29. Bxd4 cxd4 30. Qxd4 Rc2 31. Rd2 Rxd2 32. Qxd2 Ne5 33. Qd4 b5 34.
Kg1 Nc6 35. Qc3 Qa7+ 36. Kh1 Ne5 37. Nxe5 1/2-1/2

[Event "1MCRV_F"]
[Site "?"]
[Date "2002.??.??"]
[Round "?"]
[White "Sykora, Josef"]
[Black "Nevole, Milan"]
[Result "1-0"]
[WhiteElo "2370"]
[BlackElo "2210"]
[PlyCount "94"]
[EventDate "2002.??.??"]
[EventType "corr"]
[EventRounds "2"]
[SourceDate "2004.??.??"]

1. Nf3 d5 2. g3 Nf6 3. Bg2 e6 4. O-O Be7 5. d4 O-O 6. b3 c5 7. Bb2 Nc6 8. Nbd2
cxd4 9. Nxd4 Nxd4 10. Bxd4 Qc7 11. Bb2 Rd8 12. Rc1 Bd7 13. c4 Bc6 14. e3 Qa5
15. Qc2 Rac8 16. Rfd1 Qa6 17. Bxf6 Bxf6 18. cxd5 exd5 19. Nf3 Qa5 20. Qd2 Qxd2
21. Rxd2 Bd7 22. Rcd1 Be6 23. Nd4 Rc7 24. h3 h6 25. Ne2 Rcd7 26. Kf1 g5 27. Nd4
Rc7 28. g4 Kh7 29. Ne2 Kg6 30. f4 Kg7 31. e4 gxf4 32. exd5 Bg5 33. Bf3 Bd7 34.
d6 Rc5 35. Nd4 b6 36. b4 Rc3 37. Rd3 Rxd3 38. Rxd3 Kf6 39. Kg2 Ba4 40. Bc6
Bxc6+ 41. Nxc6 Rd7 42. Kf3 Ke6 43. Nd4+ Kxd6 44. Nb5+ Ke7 45. Rxd7+ Kxd7 46.
Nxa7 Be7 47. a3 Bd6 1-0

[Event "1MCRV_F"]
[Site "?"]
[Date "2002.??.??"]
[Round "?"]
[White "Sluka, Vaclav"]
[Black "Koukal, Vladimir"]
[Result "0-1"]
[WhiteElo "2245"]
[BlackElo "2240"]
[PlyCount "40"]
[EventDate "2002.??.??"]
[EventType "corr"]
[EventRounds "2"]
[SourceDate "2004.??.??"]

1. d4 Nf6 2. c4 e6 3. Nf3 b6 4. g3 Bb7 5. Bg2 c5 6. d5 exd5 7. Nh4 g6 8. Nc3
Bg7 9. O-O O-O 10. cxd5 d6 11. e4 Nbd7 12. f4 Re8 13. Re1 a6 14. Nf3 b5 15. e5
dxe5 16. fxe5 Ng4 17. e6 fxe6 18. Rxe6 Rxe6 19. dxe6 Qb6 20. Be3 Qxe6 0-1

[Event "1MCRV_F"]
[Site "?"]
[Date "2002.??.??"]
[Round "?"]
[White "Kuta, Jiri"]
[Black "Skalicky, Frantisek"]
[Result "1-0"]
[WhiteElo "2320"]
[BlackElo "2245"]
[PlyCount "85"]
[EventDate "2002.??.??"]
[EventType "corr"]
[EventRounds "2"]
[SourceDate "2004.??.??"]

1. d4 Nf6 2. c4 c5 3. d5 b5 4. Nf3 bxc4 5. Nc3 d6 6. e4 g6 7. e5 dxe5 8. Nxe5
Bg7 9. Bxc4 O-O 10. O-O Nfd7 11. Nxf7 Rxf7 12. d6 Nb6 13. Bxf7+ Kxf7 14. Qf3+
Bf6 15. dxe7 Qxe7 16. Bg5 Qe5 17. Ne4 N8d7 18. Rae1 Bb7 19. Bxf6 Nxf6 20. Nxf6
Bxf3 21. Rxe5 Kxf6 22. Rxc5 Bd5 23. b3 h6 24. f3 Rd8 25. Rc7 Rd7 26. Rxd7 Nxd7
27. Rc1 Ne5 28. Rc7 Nc6 29. Kf2 a5 30. Ke3 Ke6 31. h4 Nb4 32. a3 Nc6 33. h5
gxh5 34. Rh7 Bxb3 35. Rxh6+ Kd5 36. Rxh5+ Kc4 37. f4 Bd1 38. Rg5 Bb3 39. g4 a4
40. f5 Kc5 41. Rh5 Ne5 42. g5 Kd6 43. Kf4 1-0

[Event "1MCRV_F"]
[Site "?"]
[Date "2002.??.??"]
[Round "?"]
[White "Hybl, Vladislav"]
[Black "Kuchta, Jiri"]
[Result "1/2-1/2"]
[WhiteElo "2305"]
[BlackElo "2255"]
[PlyCount "54"]
[EventDate "2002.??.??"]
[EventType "corr"]
[EventRounds "2"]
[SourceDate "2004.??.??"]

1. d4 d5 2. c4 c6 3. Nc3 Nf6 4. Nf3 e6 5. e3 Nbd7 6. Bd3 Bd6 7. O-O dxc4 8.
Bxc4 O-O 9. e4 e5 10. Bg5 Qe7 11. Re1 Rd8 12. d5 Nb6 13. Bb3 h6 14. Bh4 Bg4 15.
h3 Bh5 16. Qe2 cxd5 17. exd5 g5 18. Bg3 e4 19. Bxd6 Rxd6 20. Nxe4 Qxe4 21. Qxe4
Nxe4 22. Rxe4 Bxf3 23. gxf3 a5 24. a4 Rad8 25. f4 Nxd5 26. fxg5 hxg5 27. Re5
Nf4 1/2-1/2

[Event "1MCRV_F"]
[Site "?"]
[Date "2002.??.??"]
[Round "?"]
[White "Kostal, Jindrich"]
[Black "Pytlik, Lesek"]
[Result "1/2-1/2"]
[WhiteElo "2305"]
[BlackElo "2260"]
[PlyCount "98"]
[EventDate "2002.??.??"]
[EventType "corr"]
[EventRounds "2"]
[SourceDate "2004.??.??"]

1. e4 d5 2. exd5 Nf6 3. d4 Nxd5 4. c4 Nb6 5. Nf3 g6 6. Be2 Bg7 7. O-O O-O 8.
Nc3 c6 9. h3 Na6 10. Be3 Nc7 11. Qd2 Re8 12. Rfe1 Be6 13. b3 Bf5 14. Rad1 Qc8
15. Bf4 Nd7 16. Bh6 Nf6 17. Bxg7 Kxg7 18. Ne5 Qd8 19. Bf3 Rf8 20. b4 Ng8 21.
Qe3 f6 22. Nd3 Bxd3 23. Qxd3 e6 24. b5 cxb5 25. Nxb5 Nxb5 26. cxb5 Qb6 27. Qe4
Rab8 28. Qxe6 Qxb5 29. Rb1 Qa4 30. Qd6 Rfd8 31. Rxb7+ Rxb7 32. Qxd8 Rd7 33. Qc8
Qxd4 34. Rd1 Qxd1+ 35. Bxd1 Rxd1+ 36. Kh2 Re1 37. g4 Re2 38. Qc7+ Re7 39. Qd6
Re2 40. Qd7+ Re7 41. Qd4 h6 42. a4 Kf7 43. h4 Kg7 44. f4 Rb7 45. Kg3 Re7 46.
Kf3 Kf7 47. h5 gxh5 48. Qd5+ Kg7 49. Qxh5 Kf8 1/2-1/2

[Event "1MCRV_F"]
[Site "?"]
[Date "2002.??.??"]
[Round "?"]
[White "Vondracek, Emil"]
[Black "Nosek, Jaroslav"]
[Result "0-1"]
[WhiteElo "2280"]
[BlackElo "2275"]
[PlyCount "64"]
[EventDate "2002.??.??"]
[EventType "corr"]
[EventRounds "2"]
[SourceDate "2004.??.??"]

1. e4 e6 2. d4 d5 3. Nc3 Bb4 4. e5 c5 5. a3 Ba5 6. b4 cxd4 7. Qg4 Ne7 8. bxa5
dxc3 9. Qxg7 Rg8 10. Qxh7 Nbc6 11. Nf3 Qc7 12. Bf4 Bd7 13. Be2 O-O-O 14. Qd3
Ng6 15. Bg3 Qxa5 16. O-O Nge7 17. Rab1 Nf5 18. Rb3 d4 19. Rfb1 b6 20. Rd1 Kb8
21. Qe4 Qc5 22. Bh4 Nxh4 23. Qxh4 Bc8 24. Qf4 f5 25. exf6+ e5 26. Qe4 Rg4 27.
Qh7 e4 28. Nh4 d3 29. Bxg4 Bxg4 30. Rf1 d2 31. Rbb1 Be2 32. Rfe1 Bd3 0-1

[Event "1MCRV_F"]
[Site "?"]
[Date "2002.??.??"]
[Round "?"]
[White "Pytlik, Lesek"]
[Black "Vondracek, Emil"]
[Result "1-0"]
[WhiteElo "2260"]
[BlackElo "2280"]
[PlyCount "77"]
[EventDate "2002.??.??"]
[EventType "corr"]
[EventRounds "2"]
[SourceDate "2004.??.??"]

1. d3 d5 2. Nf3 Nf6 3. g3 e6 4. Bg2 b6 5. O-O Bb7 6. Nbd2 Be7 7. e4 c5 8. Re1
Nc6 9. c3 Qc7 10. exd5 Nxd5 11. Nc4 O-O 12. Qe2 Rad8 13. Bg5 Rfe8 14. Bxe7 Rxe7
15. Rad1 b5 16. Ncd2 b4 17. Rc1 e5 18. Ne4 Qa5 19. Nfd2 Qxa2 20. Nc4 bxc3 21.
Ra1 Qb3 22. Ra3 Qb5 23. bxc3 Re6 24. Raa1 a6 25. Reb1 Ndb4 26. Qe3 Rxd3 27.
Qxd3 Nxd3 28. Rxb5 axb5 29. Ncd6 f5 30. Nxb7 fxe4 31. Bxe4 Kf8 32. Bxd3 c4 33.
Bxh7 b4 34. cxb4 Rh6 35. Be4 Nxb4 36. Rc1 Rb6 37. Rxc4 Ke7 38. Rc7+ Kf8 39. Nc5
1-0

[Event "1MCRV_F"]
[Site "?"]
[Date "2002.??.??"]
[Round "?"]
[White "Kuchta, Jiri"]
[Black "Kostal, Jindrich"]
[Result "1/2-1/2"]
[WhiteElo "2255"]
[BlackElo "2305"]
[PlyCount "147"]
[EventDate "2002.??.??"]
[EventType "corr"]
[EventRounds "2"]
[SourceDate "2004.??.??"]

1. e4 e5 2. Nf3 Nc6 3. Bb5 a6 4. Bxc6 dxc6 5. O-O f6 6. d4 Bg4 7. dxe5 Qxd1 8.
Rxd1 fxe5 9. Rd3 Bd6 10. Bg5 h6 11. Bh4 Nf6 12. Nbd2 O-O-O 13. h3 Be6 14. Bg3
Nd7 15. Rd1 g5 16. a3 g4 17. hxg4 Rhg8 18. Bh4 Rde8 19. g5 Rg6 20. g3 Nc5 21.
Re3 Bg4 22. gxh6 Rxh6 23. Kg2 Rg8 24. Rh1 Ne6 25. Nc4 Rh5 26. Ree1 b5 27. Ne3
Kd7 28. Nxg4 Rxg4 29. Nd2 Rh7 30. Rd1 Rf7 31. f3 Rg8 32. c3 Rgf8 33. Ra1 c5 34.
b3 Rh7 35. a4 b4 36. Rac1 bxc3 37. Rxc3 Nd4 38. Kf2 Ke6 39. Rf1 Rb8 40. Rb1
Rhh8 41. Rbc1 Rb4 42. Rd3 c6 43. Rcc3 Rh7 44. Kf1 Rb8 45. Nc4 Bc7 46. Kf2 Rf8
47. a5 Rb8 48. Kg2 Rb5 49. Bg5 Rg7 50. Bh6 Rg8 51. Rd1 Bxa5 52. Rcd3 Bc7 53.
Be3 Rxb3 54. Rxb3 Nxb3 55. Rh1 Rg7 56. Rh6+ Kd7 57. Rh8 Ke6 58. Re8+ Re7 59.
Rxe7+ Kxe7 60. f4 exf4 61. gxf4 a5 62. Kf3 Nd4+ 63. Kg3 a4 64. Kg4 Bb8 65. Bc1
Ne2 66. Bd2 Nd4 67. f5 Nb5 68. Bg5+ Kf8 69. Bc1 Ke7 70. Bb2 Nd6 71. Nxd6 Bxd6
72. e5 Bc7 73. Kf4 Ba5 74. Ke3 1/2-1/2

[Event "1MCRV_F"]
[Site "?"]
[Date "2002.??.??"]
[Round "?"]
[White "Skalicky, Frantisek"]
[Black "Hybl, Vladislav"]
[Result "1/2-1/2"]
[WhiteElo "2245"]
[BlackElo "2305"]
[PlyCount "46"]
[EventDate "2002.??.??"]
[EventType "corr"]
[EventRounds "2"]
[SourceDate "2004.??.??"]

1. e4 c5 2. Nf3 d6 3. d4 cxd4 4. Nxd4 Nf6 5. Nc3 a6 6. f4 e5 7. Nf3 Nbd7 8. a4
Be7 9. Bd3 O-O 10. O-O Nc5 11. Kh1 d5 12. Nxe5 Ncxe4 13. Be3 Bf5 14. Ne2 Nd6
15. Ng3 Bxd3 16. cxd3 Re8 17. Qf3 Qa5 18. Bd4 Qb4 19. Bc3 Qc5 20. Rac1 Rac8 21.
Ne2 Qa7 22. f5 h5 23. g4 b5 1/2-1/2